ANSWER | 1 above | 2 above | 3 above | % Correct |
---|---|---|---|---|
Chad | 83%
| |||
Good | • | •• | 38%
| |
Malé | • | ••• | • | 38%
|
Riga | • | • | 38%
| |
Suva | • | •• | • | 38%
|
Togo | • | • | 38%
| |
Your | • | 38%
| ||
Iran | • | • | • | 33%
|
Kiev | • | • | 33%
| |
Laos | •• | • | 33%
| |
Rome | •• | 33%
| ||
Then | •• | 33%
| ||
Dili | •• | 29%
| ||
Lomé | •• | •• | 29%
| |
Neon | • | •• | • | 29%
|
Some | • | • | • | 29%
|
This | •• | • | 29%
| |
Apia | •• | • | • | 25%
|
Come | • | 25%
| ||
Look | • | •• | 25%
| |
Most | •• | •• | •• | 25%
|
Than | • | ••• | ••• | 25%
|
Want | •• | • | ••• | 25%
|
When | • | •• | •• | 25%
|
Even | • | 21%
| ||
Iron | • | • | •• | 21%
|
Oman | •• | •• | • | 21%
|
Time | • | •• | 21%
| |
Will | • | • | 21%
| |
With | • | •• | 21%
| |
Also | •• | •• | •• | 17%
|
Into | • | •• | • | 17%
|
Just | • | •• | • | 17%
|
Only | •• | •• | • | 17%
|
Have | • | • | •• | 13%
|
Make | •• | • | • | 13%
|
Year | •• | • | 13%
| |
Take | •• | • | • | 8%
|
Copyright H Brothers Inc, 2008–2024
Contact Us | Go To Top | View Mobile Site